| 000 | 00737cam a2200217 4500 | ||
|---|---|---|---|
| 001 | ABS61074 | ||
| 008 | 000000n1999 000 0 eng u | ||
| 035 | _a(Sirsi) u101617 | ||
| 110 |
_aHLM Architects _93801 |
||
| 245 | _aCost study. | ||
| 260 | _c1999 | ||
| 490 |
_aBuilding _v64(8101) 27 August 1999, 60-65(6) |
||
| 520 | _aDiscusses the first completed PFI project in higher education. A Victorian hospital was converted into a teaching facility. Includes costing data and some life-cycle costing. | ||
| 650 | _aPFI | ||
| 650 | _aPRIVATE FINANCE INITIATIVE | ||
| 650 | _aHOSPITAL BUILDING | ||
| 650 | _aEDUCATIONAL BUILDINGS | ||
| 650 | _aLIFE-CYCLE COSTING | ||
| 690 | _aBUILDING AND CONSTRUCTION-PROJECTS | ||
| 942 | _n0 | ||
| 999 |
_c60746 _d60746 |
||